000
00230nam a2200097Ia 4500
008
120527s9999 xx 000 0 und d
100
_a
ABULKALAM,M.S.
245
_a
Diagnostic Assays for colon cancer.
260
_b
CRS
942
_c
BK
999
_c
23930
_d
23930